书目信息 |
| 题名: |
从形式主义到实质主义
|
|
| 作者: | 马良灿 著 | |
| 分册: | ||
| 出版信息: | 北京 社会科学文献出版社 2013 |
|
| 页数: | 254页 | |
| 开本: | 24cm | |
| 丛书名: | ||
| 单 册: | ||
| 中图分类: | F069.9 | |
| 科图分类: | ||
| 主题词: | 经济社会学--研究 , 经济社会学 | |
| 电子资源: | ||
| ISBN: | 978-7-5097-5361-3 | |
| 000 | 01501nam0 2200277 450 | |
| 001 | 519 | |
| 005 | 20140908151041.28 | |
| 010 | @a978-7-5097-5361-3@dCNY59.00 | |
| 100 | @a20140220d2013 em y0chiy50 ea | |
| 101 | 0 | @achi |
| 102 | @aCN@b110000 | |
| 105 | @ay z 001yy | |
| 106 | @ar | |
| 200 | 1 | @a从形式主义到实质主义@ACong Xing Shi Zhu Yi Dao Shi Zhi Zhu Yi@e经济社会关系视域中的范式论战与反思@EJing Ji She Hui Guan Xi Shi Yu Zhong De Fan Shi Lun Zhan Yu Fan Si@dFrom formalism to substantivism@ethe controversy and reflection of paradigms in social-economic relationship@f马良灿著@FMa Liang Can Zhu@zeng |
| 210 | @a北京@c社会科学文献出版社@d2013 | |
| 215 | @a254页@d24cm | |
| 300 | @a“贵州省优秀科技教育人才省长专项资金项目”和“贵州大学文科重大科研项目”联合资助 | |
| 330 | @a本书围绕“经济社会关系”这一研究主线,将社会科学范式视为一束由知识论、价值论、方法论和理论硬核等构成的知识连续体,将范式论战视为一场整体性的社会科学运动,采用跨学科的学术眼光,对发生在经济社会学视野中的两种基本学术范式即形式主义与实质主义的百年论战进行了探索。 | |
| 510 | 1 | @aFrom formalism to substantivism@ethe controversy and reflection of paradigms in social-economic relationship@zeng |
| 517 | 1 | @a经济社会关系视域中的范式论战与反思@AJing Ji She Hui Guan Xi Shi Yu Zhong De Fan Shi Lun Zhan Yu Fan Si |
| 606 | 0 | @a经济社会学@x研究 |
| 606 | 0 | @a经济社会学 |
| 690 | @aF069.9@v5 | |
| 701 | 0 | @c(回)@a马良灿@AMa Liang Can@4著 |
| 801 | 0 | @aCN@bTANGWEI@c20140603 |
| 905 | @b0839092-94@dF069.9@e131@f3 | |
| 从形式主义到实质主义:经济社会关系视域中的范式论战与反思=From formalism to substantivism:the controversy and reflection of paradigms in social-economic relationship/马良灿著.-北京:社会科学文献出版社,2013 |
| 254页;24cm |
| “贵州省优秀科技教育人才省长专项资金项目”和“贵州大学文科重大科研项目”联合资助 |
| ISBN 978-7-5097-5361-3:CNY59.00 |
| 本书围绕“经济社会关系”这一研究主线,将社会科学范式视为一束由知识论、价值论、方法论和理论硬核等构成的知识连续体,将范式论战视为一场整体性的社会科学运动,采用跨学科的学术眼光,对发生在经济社会学视野中的两种基本学术范式即形式主义与实质主义的百年论战进行了探索。 |
| ● |
| 相关链接 |
|
|
|
|
正题名:从形式主义到实质主义
索取号:F069.9/131
 
预约/预借
| 序号 | 登录号 | 条形码 | 馆藏地/架位号 | 状态 | 备注 |
| 1 | 0839092 | 208390926 | 第一样本阅览室/ [索取号:F069.9/131] | 在馆 | |
| 2 | 0839093 | 208390935 | 第一借阅区/ [索取号:F069.9/131] | 在馆 | |
| 3 | 0839094 | 208390944 | 第一借阅区/ [索取号:F069.9/131] | 在馆 |